000 01708nam0a2200337 4500
001 RU\NLR\bibl\1927383
005 20260407082755.0
010 _a978-5-89610-168-0
_9105
021 _aRU
_b2012-47828
_93500
035 _a(NLR Aleph) 001916771
090 _a3251082
_c3251082
100 _a20120723d2009 |||y0rusy50 ca
101 0 _arus
102 _aRU
105 _aa |||||||||
200 1 _aЭтническая история и этническая культура
_e[сборник статей]
_fРос. акад. наук, Ин-т этнологии и антропологии им. Н.Н. Миклухо-Маклая, ФГОУ ВПО "Вост.-Сиб. гос. акад. культуры и искусств"
_g[ред.-сост.: д.ист.н. Н.Б. Дашиева]
210 _aМосква
_aУлан-Удэ
_cФГОУ ВПО "ВСГАКИ"
_d2009
215 _a189 с.
_cил.
_d20
225 1 _aСибирь: этносы и культуры
_fотв. ред.: д.ист.н. З.П. Соколова
_vвып. 11
320 _aБиблиогр. в конце ст.
606 1 _aНароды Сибири
_jСборники
_xИсторико-этнографические исследования
_92295314
_3RU\NLR\auth\661374441
686 _aТ3(2Р5)я43
686 _aТ52(251)я43
702 1 _aДашиева
_bН. Б.
_gНадежда Базаржаповна
_4220
712 0 2 _4570
_aИнститут этнологии и антропологии им. Н. Н. Миклухо-Маклая
_cМосква
_3RU\NLR\AUTH\888945
_9290397
801 0 _aRU
_bNLR
_c20120723
_gRCR
801 1 _aRU
_bNLR
_c20120723
830 _aпо эк
942 _cBOOK
980 _aNB